Going Up In Movie Numbers Quiz Stats

 Plays Quiz Updated Jun 10, 2017

Support Sporcle.
Go Orange.
Score 0/30 Timer 15:00
1 Play Today
% Correct
Fantastic Four
94.5%
Apollo 13
92%
Oceans Eleven
91.5%
The Sixth Sense
90.9%
300
88%
12 Years a Slave
87.7%
One Hundred and One Dalmatians
85.7%
The 40-Year-Old Virgin
85.2%
¡Three Amigos!
84.1%
One Flew Over the Cuckoo's Nest
82.1%
50 First Dates
82.1%
The Lord of the Rings: The Two Towers
79.3%
22 Jump Street
77.7%
Sixteen Candles
77.2%
Zero Dark Thirty
75.7%
% Correct
Around the World in Eighty Days
75.7%
127 Hours
73.5%
Miracle on 34th Street
67.7%
2001: A Space Odyssey
65.1%
(500) Days of Summer
65%
27 Dresses
64.6%
17 Again
57.6%
28 Days Later...
56.5%
Eight Legged Freaks
54.2%
2012
50.8%
20,000 Leagues Under the Sea
50.8%
The Hobbit: The Battle of the Five Armies
49.4%
9
47%
10 Cloverfield Lane
46.2%
Seven Psychopaths
37.4%

You're not logged in!

Compare scores with friends on all Sporcle quizzes.
OR
Log In
Forgot?

From the Vault

'Greek' Countries (Americas)

by Anne13

Where would the architecture of the Americas be today without its Greek influences?
Remove Ads.
Support Sporcle.
Get the best of Sporcle when you Go Orange. This ad-free experience offers more features, more stats, and more fun while also helping to support Sporcle. Thank you for becoming a member.

Show Comments

Extras

Top Quizzes Today


Score Distribution

Your Account Isn't Verified!

In order to create a playlist on Sporcle, you need to verify the email address you used during registration. Go to your Sporcle Settings to finish the process.

Report this User

Report this user for behavior that violates our Community Guidelines.

Details: